000 02041cam a22005654i 4500
003 PE-LiUPU
005 20250731165506.0
008 150623s1999 ck a rb 001 0 spa d
020 _a9701018990
020 _a9789701018996
035 _a(Sirsi) i9789701018996
040 _aPE-LiUPU
_bspa
_cPE-LiUPU
_dPE-LiUPU
_erda
049 _aPRUA
082 0 4 _a001.42
_bH411999
_221
100 1 _aHernández Sampieri, Roberto,
_eautor.
245 1 0 _aMetodología de la investigación /
_cRoberto Hernández Sampieri.
250 _aSegunda edición.
264 1 _aSantafe de Bogotá :
_bMcGraw-Hill,
_c1999.
300 _a505 páginas :
_bilustraciones ;
_c23 centímetros
300 _aCD-disquete
336 _atext
_2rdacontent
337 _aunmediated
_2rdamedia
338 _avolume
_2rdacarrier
504 _aIncluye bibliografía.
504 _aÍndice: páginas 487-498.
505 0 _aObjetivos de la investigación -- Preguntas de investigación -- Justificación de la investigación -- Viabilidad de la investigación -- Consecuencias de la investigación.
526 _aSEG44
526 _aSEG26
526 _aP151
526 _aP150
526 _aP149
526 _aP146
526 _aP145
526 _aP126
526 _aP125
526 _aP92
526 _aP75
526 _aP74
526 _aP27
526 _aP15
650 0 4 _aInvestigación
_xMetodología.
700 1 _aBaptista Lucio, Pilar,
_eautor.
700 1 _aFernández Collado, Carlos,
_eautor.
942 _2ddc
_cBOOK
949 _a001.42 H41 1999
_wDEWEY
_c1
_i47472
_d2016-10-17
_e2016-10-12
_lCCODEBUL1
_mBUL
_n3
_r0
_sY
_tBOOK
_u2015-6-24
_xFCE
_PP08
_0COMPRA
_o.STAFF. Colección Ciencias Empresariales
994 _aC0
_bPEPRU
596 _a1
999 _a001.42 H41 1999
_wDEWEY
_c24010
_i47472
_d24010
_e2019-10-3
_f2021-11-4
_g7
_lCCODEBUL1
_mBUL
_n4
_p49.00
_r0
_sY
_tBOOK
_u2015-6-24
_xBIBLIOTECA
_PP08
_0COMPRA
_o.STAFF. Colección Ciencias Empresariales
980 _81
_gALBERTO SANCHEZ Responsable de Automatización